000 03194nam a2200205Ia 4500
999 _c7832
_d7832
005 20250619165847.0
008 230417s9999 xx 000 0 und d
020 _a9501400883
040 _aUPAN
_cBiblioteca San Vicente
_eRCAA2
041 _aspa
082 _a324.272
_bJ878i
_c1996
100 _aJusto López, Mario
_4aut.
245 0 _aIntroducción a los estudios políticos (I)./
_bMario Justo López
250 _a2ª ed.
260 _aArgentina:
_bDepalma,
_c1996
300 _a442 p:
_c28 cm.
520 _a1. Realidad Polìtica A. Polìtica: acepciones y manifestaciones. Convivencia humana y polìtica. B. Poder, Estado y Polìtica C. Moral, derecho y polìtica D. Relaciones internacionales y politica 2. Conocimiento Polìtica A.1. Conocimiento filosòfico, cientìfico y empìrico A.2. Los modos de conocimiento de la realidad polìtica. Filosofìa polìtica. Ciencia polìtica. Prudencia Polìtica B.1. Conocimiento puro o especulativo y conocimiento interesado o pràctico B.2. Teorias y doctrinas polìticas B.3. El interflujo de la vida polìtica, las instituciones polìticas y las ideas polìticas C. Derecho polìtico. Concepto, Historia, Relaciones con otras disciplinas 3. Metodologia del Conocimiento Polìtico A. Los problemas del mètodo y del obejto en las ciencias. Mètodo y tècnicas de investigaciòn B. El acto y la finalidad polìticos como objeto de conocimiento C. Metodologìa de la teoria del Estado: historia, tendencias D. Metodologìa de la ciencia polìtica: historia, tendencias 4. Los Temas de la Filosofia Polìtica A. El problema del ser y de la naturaleza de la comunidad polìtica B.1. El probelma de la justificaciòn del Estado B.2. Doctrinas negativas. El anarquismo C.1. El problema de los fines del Estado, Fines, bienes, valores C.2. Doctrinas polìticas y fines del Estado: Personalismo y transpersonalismo C.3. El liberalismo, matices. Los totalitarismos D. La finalidad, ingrediente de la actividad polìtica: sus manifestaciones en materia jurìdica, administrariva, pedagògica, militar, econòmica y social 6. Elementos Sociales de la Realidad Polìtica A.1. Grupos y comportamientos sociales. Sociedad y comunidad A.2. Estratificaciòn social. Clases y poderes sociales. Sociedad de masas B.1. Sociedad y Estado B.2. Clase Polìtica C. El problema de los origenes de la sociedad y el Estado 6. El Estado. Concepto, Historia y Elementos A.1. El Estado. Concepto. Historia del vocablo A.2. Historia de las formas polìticas. Historia de las dostrinas del Estado: escuelas y tendencias. B. Poblaciòn, Pueblo, Naciòn. Aspectos sociològicos y jurìdicos en relaciòn con el Estado C. Territorio. Aspectos sociogeogràficos, polìticos y jurìdicos en relaciòn con el Estado D. El poder. Aspectos sociològicos y jurìdicos del poder polìtico en relaciòn con el Estado E. Soberanìa. Historia del vocablo, de las doctrinas y de sus concreciones històricas F.1. La soberanìa y la comunidad internacional F.2. Las comunidades, asociaciones u organizaciones regionales F.3. El principio de no intervenciòn y sus excepciones
650 _2LEMB
_aCiencias Politicas
_94
942 _cBK
_2ddc